Fronteras reales de la globalización : Estados Unidos ante la migración latinoamericana /

Obra en que se analiza la reacción de Estados Unidos ante el creciente flujo migratorio mexicano y latinoamericano de las últimas décadas. Asimismo, se revisa la presión que sobre México ha recaído como pieza clave de la política migratoria norteamericana para impedir el paso de migrantes de otros p...

Descripción completa

Guardado en:
Detalles Bibliográficos
Autor principal: Addiechi, Florencia (autor)
Formato: Libro
Idioma:Español
Publicado: México : Universidad Autónoma de la Ciudad de México, 2005, c2005
Colección:(Pensamiento Propio)
Temas:
Etiquetas: Agrega una etiqueta
Sin etiquetas, Sé el primero en etiquetar este registro!

MARC

LEADER 00000nam^a2200000^a^4500
001 000182486
005 20250521000000.0
009 20260310102007.491
020 |a 968-5720-35-5 
037 |a Acervo ITESO - Biblioteca 
041 |a ESP 
082 |a 304. 873080  |b ADD 
100 |a Addiechi, Florencia  |e (autor) 
245 1 0 |a Fronteras reales de la globalización :  |b Estados Unidos ante la migración latinoamericana /  |c F. Addiechi. 
264 4 |a México :  |b Universidad Autónoma de la Ciudad de México,  |c 2005, c2005 
300 |a 295 p. 
336 |a texto  |b txt  |2 rdacontenido 
337 |a sin mediación  |b n  |2 rdamedio 
338 |a volumen  |b nc  |2 rdasoporte 
440 1 |a (Pensamiento Propio) 
520 |a Obra en que se analiza la reacción de Estados Unidos ante el creciente flujo migratorio mexicano y latinoamericano de las últimas décadas. Asimismo, se revisa la presión que sobre México ha recaído como pieza clave de la política migratoria norteamericana para impedir el paso de migrantes de otros países y controlar los suyos propios. En particular, se estudian las negociaciones establecidas durante los gobiernos de George W. Bush, en Estados Unidos, y Vicente Fox, en México, durante los primeros años del siglo XXI. 
649 |a XX 
650 |a Chicanos 
650 |a Migrantes Latinoamericanos -  |z EUA 
650 |a Racismo -  |z EUA 
650 |a Migración -  |z México-EUA 
650 |a Migración -  |z EUA-Latinoamérica 
650 |a Problemas Sociales -  |z EUA 
650 |a Fronteras Geopolíticas -  |z EUA 
650 |a Política Migratoria -  |z EUA 
650 |a Política Exterior -  |z EUA 
650 |a Relaciones Internacionales -  |z México-EUA 
650 |a Relaciones Internacionales -  |z EUA-Latinoamérica 
650 |a Política -  |z EUA -  |x Historia -  |y 1990-1999 
650 |a Política -  |z EUA -  |x Historia -  |y 2000-2009 
910 |a Fondo General 
920 |a Impresos - Libros 
930 |a Colección General 
905 |a 101 
901 |a 0500122155  |b IT1  |c ACC  |d EG  |u 20250521 
902 |a https://opac.biblio.iteso.mx/vufind/Record/000182486